Principles of Corporate Finance Study Guide to Accompany Brealey and Myers

Uložené v:
Podrobná bibliografia
Hlavný autor: D'ambrosio, Charles A.
Ďalší autori: Hodges, Stewart D.
Médium: Kniha
Jazyk:English
Vydavateľské údaje: New York MacGraw-Hill Publ. Co. 1988
Vydanie:3. ed.
Predmet:
Tagy: Pridať tag
Žiadne tagy, Buďte prvý, kto otaguje tento záznam!

MARC

LEADER 00000nam a2200000 4500
001 c003661
005 20221206134854.8
020 |a 0-07-007388-0 
041 0 |a eng 
044 |a US 
245 1 0 |a Principles of Corporate Finance  |b Study Guide to Accompany Brealey and Myers  |c Charles A. D'ambrosio, Stewart D. Hodges 
250 |a 3. ed. 
264 1 |a New York  |b MacGraw-Hill Publ. Co.  |c 1988 
300 |a 388 s. 
610 2 0 |a financie podnikové 
610 2 0 |a kapitál 
610 2 0 |a papiere cenné 
610 2 0 |a rozhodovanie 
610 2 0 |a investície 
610 2 0 |a riziko 
610 2 0 |a oceňovanie 
610 2 0 |a dlhy 
610 2 0 |a lízing 
610 2 0 |a plánovanie finančné 
610 2 0 |a úver 
610 2 0 |a pôžičky 
610 2 0 |a fúzie 
100 1 |a D'ambrosio, Charles A. 
700 1 |a Hodges, Stewart D.